Welcome to the Holygrace Academy Library

Please use search bar below to get started

PADDINGTON MACHES ON (Record no. 5752)

MARC details
000 -LEADER
fixed length control field 00375nam a22001457a 4500
020 ## - INTERNATIONAL STANDARD BOOK NUMBER
ISBN 978-0-00-779228-3
082 ## - DEWEY DECIMAL CLASSIFICATION NUMBER
Classification number 823
Item number BON/P
100 ## - MAIN ENTRY--AUTHOR NAME
Personal name BOND, MICHAEL
245 ## - TITLE STATEMENT
Title PADDINGTON MACHES ON
Remainder of title CLASSIC ADVENTURES OF THE BEAR FROM DARKEST PERU
260 ## - PUBLICATION, DISTRIBUTION, ETC. (IMPRINT)
Place of publication LONDON
Name of publisher HARPER COLLINS
Year of publication 1998
300 ## - PHYSICAL DESCRIPTION
Number of Pages 144
520 ## - SUMMARY, ETC.
Summary, etc ENGLISH STORY
650 ## - SUBJECT ADDED ENTRY--TOPICAL TERM
Topical Term ENGLISH STORY
942 ## - ADDED ENTRY ELEMENTS (KOHA)
Koha item type Books
Holdings
Withdrawn status Lost status Collection code Home library Current library Shelving location Date acquired Source of acquisition Full call number Accession Number Koha item type
    Fiction Main Library Main Library SHELF 15-I-CHILDREN'S STORYBOOKS 23/07/2019 Purchase 823 BON/P 11482 Books